[Event "4NCL/Div3/OXF1 vs. CAMB1"]
[Site "Telford ENG"]
[Date "2005.01.16"]
[Round "4.1"]
[White "Savage, Ben D"]
[Black "Mah, Karl C C"]
[Result "0-1"]
[WhiteElo "2300"]
[BlackElo "2425"]
[PlyCount "60"]
[EventDate "2005.01.16"]
[EventType "team"]
[EventRounds "11"]
[EventCountry "ENG"]
[SourceDate "2004.09.21"]

1. d4 f5 2. Nc3 d5 3. Bf4 c6 4. e3 Nf6 5. Bd3 e6 6. a3 Be7 7. h4 O-O 8. Nf3 Ne4
9. Ne2 Bd7 10. c4 b5 11. c5 a5 12. a4 b4 13. Neg1 Be8 14. g4 fxg4 15. Ng5 Bxg5
16. hxg5 e5 17. dxe5 Qc8 18. Bxe4 dxe4 19. Rh4 Na6 20. Rc1 b3 21. Qxb3+ Bf7 22.
Qc3 Nb4 23. Rd1 Nd3+ 24. Kf1 Rb8 25. Rd2 Rb4 26. Ne2 {=} Rxa4 27. Kg2 Ne1+ 28.
Kg3 Nf3 29. Rxg4 Rc4 30. Qxa5 Bh5 0-1

[Event "4NCL/Div3/OXF1 vs. CAMB1"]
[Site "Telford ENG"]
[Date "2005.01.16"]
[Round "4.2"]
[White "Hodge, David J"]
[Black "Ozeren, Kemal"]
[Result "1/2-1/2"]
[WhiteElo "2165"]
[BlackElo "2292"]
[PlyCount "57"]
[EventDate "2005.01.16"]
[EventType "team"]
[EventRounds "11"]
[EventCountry "ENG"]
[SourceDate "2004.09.21"]

1. e4 c6 2. d3 d5 3. Nd2 g6 4. g3 Bg7 5. Bg2 Nf6 6. Ngf3 Bg4 7. h3 Bxf3 8. Bxf3
O-O 9. O-O Nbd7 10. exd5 cxd5 11. d4 Nb6 12. Bg2 e6 13. c3 Ne8 14. Nf3 Nc4 15.
Qe2 Ned6 16. Ne5 Nxe5 17. dxe5 Nc4 18. f4 b5 19. b3 Qb6+ 20. Kh2 Na5 21. Be3
Qc6 22. Bd2 {=} Nb7 23. Rfc1 Rfc8 24. c4 bxc4 {=} 25. bxc4 Qa6 26. Qf3 Rd8 27.
cxd5 Rxd5 28. Qf2 Rd7 29. Be3 1/2-1/2

[Event "4NCL/Div3/OXF1 vs. CAMB1"]
[Site "Telford ENG"]
[Date "2005.01.16"]
[Round "4.3"]
[White "Bilalic, Merim"]
[Black "Churm, Rohan M"]
[Result "1/2-1/2"]
[WhiteElo "2292"]
[BlackElo "2178"]
[PlyCount "81"]
[EventDate "2005.01.16"]
[EventType "team"]
[EventRounds "11"]
[EventCountry "ENG"]
[SourceDate "2004.09.21"]

1. e4 e5 2. Nc3 Nf6 3. Nf3 Nc6 4. d4 exd4 5. Nd5 Nxd5 6. exd5 Bb4+ 7. Bd2 Qe7+
8. Qe2 Bxd2+ 9. Kxd2 Qxe2+ 10. Bxe2 Nb4 11. d6 c5 12. Rhe1 O-O 13. Bc4 b6 14.
Re7 Bb7 15. Ne5 Bd5 16. a3 Bxc4 17. axb4 Bb5 18. bxc5 f6 19. Nd3 a6 20. cxb6
Rfb8 21. Re4 Rxb6 22. Rxd4 Bxd3 23. Kxd3 Rxb2 {=} 24. Re1 a5 25. Re7 Rb7 26.
Rg4 g5 27. h4 h6 28. hxg5 hxg5 29. f4 Ra6 30. fxg5 Rxd6+ 31. Rd4 Rxd4+ 32. Kxd4
fxg5 {=} 33. Re5 Rb4+ 34. Ke3 Rg4 35. Kf3 Rf4+ 36. Kg3 Rc4 37. Rxg5+ Kf7 38.
Rxa5 Rxc2 39. Rf5+ Ke6 40. Rf3 d5 41. Re3+ 1/2-1/2

[Event "4NCL/Div3/OXF1 vs. CAMB1"]
[Site "Telford ENG"]
[Date "2005.01.16"]
[Round "4.4"]
[White "Regan, Natasha"]
[Black "Smallbone, Kieran"]
[Result "0-1"]
[WhiteElo "2208"]
[BlackElo "2170"]
[PlyCount "74"]
[EventDate "2005.01.16"]
[EventType "team"]
[EventRounds "11"]
[EventCountry "ENG"]
[SourceDate "2004.09.21"]

1. e4 c6 2. d4 d5 3. e5 c5 4. dxc5 e6 5. Be3 Nh6 6. f4 Na6 7. Nf3 Nxc5 8. Nd4
Bd7 9. Be2 Na4 10. Qc1 Qb6 11. Nb3 Qc7 12. O-O Be7 13. N1d2 g5 14. fxg5 Nf5 15.
Bf4 Rc8 16. Bd3 Qb6+ 17. Kh1 Ne3 18. Rf3 Nc4 19. Qf1 Naxb2 20. Bxc4 Nxc4 21.
Nxc4 dxc4 22. Be3 Qb5 23. Rxf7 Rf8 24. Rxf8+ Bxf8 25. Nd4 Qxe5 26. Re1 Bg7 27.
Nxe6 Bxe6 28. Bd4 Qxd4 29. Rxe6+ Kd8 30. Re1 Kc7 31. Rd1 Qc3 32. Qf4+ Be5 33.
Qf7+ Kb8 34. Qxh7 Rh8 35. Qf5 Rxh2+ 36. Kg1 Qe3+ 37. Kf1 Rh1# 0-1

[Event "4NCL/Div3/OXF1 vs. CAMB1"]
[Site "Telford ENG"]
[Date "2005.01.16"]
[Round "4.5"]
[White "Milovanovic, Aleksander"]
[Black "Valden, Petros"]
[Result "0-1"]
[WhiteElo "2155"]
[BlackElo "2185"]
[PlyCount "70"]
[EventDate "2005.01.16"]
[EventType "team"]
[EventRounds "11"]
[EventCountry "ENG"]
[SourceDate "2004.09.21"]

1. d4 Nf6 2. Nf3 c5 3. d5 b5 4. Bg5 Qb6 5. Bxf6 Qxf6 6. Nbd2 Qxb2 7. e4 Ba6 8.
Rb1 Qxa2 9. Bxb5 Qa5 10. Qe2 g6 11. O-O Bg7 12. Nc4 Qc7 13. e5 O-O 14. d6 exd6
15. exd6 Qc8 16. Ne3 Bb7 17. Bc4 Nc6 18. Nd5 Rb8 19. Ng5 Kh8 20. Ne7 Qe8 21.
Nxf7+ Rxf7 22. Bxf7 Qxf7 23. Nxc6 Re8 24. Ne7 Ba8 25. f3 Bd4+ 26. Kh1 Qf6 27.
Qa6 Be5 28. f4 Bxd6 29. Nxg6+ hxg6 30. Qa1 Be7 31. Qxf6+ Bxf6 32. Rfe1 Rxe1+
33. Rxe1 Bc6 34. Re3 a6 35. Ra3 Bb5 0-1

[Event "4NCL/Div3/OXF1 vs. CAMB1"]
[Site "Telford ENG"]
[Date "2005.01.16"]
[Round "4.6"]
[White "Garner, David"]
[Black "Buckley, Melanie"]
[Result "1-0"]
[WhiteElo "2191"]
[BlackElo "2152"]
[PlyCount "85"]
[EventDate "2005.01.16"]
[EventType "team"]
[EventRounds "11"]
[EventCountry "ENG"]
[SourceDate "2004.09.21"]

1. e4 e6 2. d4 d5 3. Nd2 Be7 4. Ngf3 Nf6 5. Bd3 c5 6. exd5 Qxd5 7. dxc5 Bxc5 8.
Nb3 Be7 9. O-O Nbd7 10. Qe2 a6 11. Bg5 h6 12. Bh4 Nc5 13. Nxc5 Qxc5 14. Rfd1
Bd7 15. Ne5 Bc6 16. a3 O-O 17. c4 a5 18. Rd2 Rfd8 19. Nxc6 bxc6 20. Rad1 Kf8
21. Bg3 Qb6 22. Be5 Nd7 23. Bc3 Bg5 24. Rc2 Nc5 25. g3 Nxd3 26. Rxd3 Rxd3 27.
Qxd3 Rd8 28. Qe2 Rd7 29. h4 Be7 30. Rd2 Rxd2 31. Qxd2 a4 32. Qd7 Bc5 33. Qc8+
Ke7 34. Bxg7 Bxf2+ 35. Kg2 f5 36. Qf8+ Kd7 37. Be5 Bc5 38. Qxh6 Be7 39. h5 Qb3
40. Qd2+ Ke8 41. Qe2 c5 42. h6 Bg5 43. Qh5+ 1-0

[Event "4NCL/Div3/OXF1 vs. CAMB1"]
[Site "Telford ENG"]
[Date "2005.01.16"]
[Round "4.7"]
[White "Shaw, David A"]
[Black "Low, Ying Min"]
[Result "1-0"]
[WhiteElo "2197"]
[BlackElo "2026"]
[PlyCount "51"]
[EventDate "2005.01.16"]
[EventType "team"]
[EventRounds "11"]
[EventCountry "ENG"]
[SourceDate "2004.09.21"]

1. e4 c5 2. Nf3 e6 3. d4 cxd4 4. Nxd4 Nc6 5. Nc3 Qc7 6. Be3 a6 7. Bd3 Nf6 8. a3
Ne5 9. h3 Nc4 10. Bxc4 Qxc4 11. Qf3 Qc7 12. Nb3 b5 13. Bf4 Bd6 14. Bxd6 Qxd6
15. O-O Bb7 16. Na5 Qc7 17. Nxb7 Qxb7 18. Rad1 Rd8 19. Rd4 O-O 20. Rfd1 Ne8 21.
Qh5 d6 22. e5 d5 23. Rh4 h6 24. Rd3 Qe7 25. Rg3 Kh7 26. Rxg7+ 1-0

[Event "4NCL/Div3/OXF1 vs. CAMB1"]
[Site "Telford ENG"]
[Date "2005.01.16"]
[Round "4.8"]
[White "Gooding, Ian"]
[Black "Coleman, James"]
[Result "1/2-1/2"]
[WhiteElo "2085"]
[BlackElo "2225"]
[PlyCount "125"]
[EventDate "2005.01.16"]
[EventType "team"]
[EventRounds "11"]
[EventCountry "ENG"]
[SourceDate "2004.09.21"]

1. e4 c5 2. Nf3 Nc6 3. d4 cxd4 4. Nxd4 Nf6 5. Nc3 e5 6. Ndb5 d6 7. Nd5 Nxd5 8.
exd5 Ne7 9. c4 Nf5 10. Be2 a6 11. Nc3 Be7 12. O-O O-O 13. Kh1 Nd4 14. f4 Nxe2
15. Qxe2 exf4 16. Bxf4 Bg5 17. Ne4 Bxf4 18. Rxf4 f5 19. Nd2 Qb6 20. Nb3 Bd7 21.
Raf1 Rae8 22. Qh5 Qe3 23. Qf3 Qxf3 24. R4xf3 Re4 25. Nd2 Rd4 26. R3f2 b5 27. b3
bxc4 28. Nxc4 Bb5 29. Rc1 Rxd5 30. Nb6 Rc5 31. Rxc5 dxc5 32. Rc2 Rd8 33. Kg1 f4
34. h4 Rd6 35. Nc8 Rh6 36. Rxc5 Rxh4 37. Rf5 g6 38. Re5 Rg4 39. Kf2 Kg7 40. Na7
Bd3 41. Re7+ Kf6 42. Rxh7 Be4 43. Rh2 Bb1 44. a3 Rg3 45. Rh3 Rxh3 46. gxh3 Bf5
47. h4 Be6 48. b4 Kf5 49. Nc6 Bf7 50. a4 Bc4 51. b5 axb5 52. axb5 Bd3 53. b6
Ba6 54. Ne7+ Kf6 55. Nd5+ Ke5 56. Nb4 Bb7 57. Nd3+ Kf5 58. Nc5 Ba8 59. b7 Bxb7
60. Nxb7 Kg4 61. Nc5 Kxh4 62. Kf3 g5 63. Ne4 1/2-1/2

[Event "4NCL/Div3/GUI3 vs. WES2"]
[Site "Telford ENG"]
[Date "2005.01.16"]
[Round "4.1"]
[White "Granat, Russell G"]
[Black "Hopkins, Jamie R"]
[Result "1-0"]
[WhiteElo "2262"]
[BlackElo "2152"]
[PlyCount "69"]
[EventDate "2005.01.16"]
[EventType "team"]
[EventRounds "11"]
[EventCountry "ENG"]
[SourceDate "2004.09.21"]

1. e4 d6 2. d4 Nf6 3. Nc3 c6 4. Be2 Qa5 5. Bd2 Qb6 6. e5 dxe5 7. dxe5 Nd5 8.
Na4 Qc7 9. c4 Nb6 10. Nf3 Nxa4 11. Qxa4 g6 12. c5 Bg7 13. O-O O-O 14. Qh4 Nd7
15. Ng5 h6 16. Nxf7 Rxf7 17. e6 Rf5 18. exd7 Bxd7 19. Bxh6 Bf6 20. Bc4+ e6 21.
Qg4 Kh7 22. Be3 Rh5 23. g3 e5 24. Be6 Rd8 25. Rad1 Bxe6 26. Qxe6 Kg7 27. Rd6
Qe7 28. Qxe7+ Bxe7 29. Rxd8 Bxd8 30. Rd1 Be7 31. Rd7 Kf8 32. Rxb7 e4 33. b4 a5
34. bxa5 Bxc5 35. Bxc5+ 1-0

[Event "4NCL/Div3/GUI3 vs. WES2"]
[Site "Telford ENG"]
[Date "2005.01.16"]
[Round "4.2"]
[White "Rutter, Nicholas"]
[Black "Allinson, Julian"]
[Result "0-1"]
[WhiteElo "2136"]
[BlackElo "2107"]
[PlyCount "134"]
[EventDate "2005.01.16"]
[EventType "team"]
[EventRounds "11"]
[EventCountry "ENG"]
[SourceDate "2004.09.21"]

1. e4 c6 2. d4 d5 3. e5 Qb6 4. Nc3 Bf5 5. Bd3 Bxd3 6. Qxd3 e6 7. Nge2 Ne7 8.
O-O Nd7 9. a4 a6 10. a5 Qc7 11. b4 Nf5 12. Bd2 Be7 13. Na4 b5 14. axb6 Nxb6 15.
Nxb6 Qxb6 16. Ra4 Qb5 17. Qxb5 cxb5 18. Ra2 Kd7 19. Rfa1 Rhc8 {=} 20. c3 Rc6
21. Nc1 h5 22. Ra5 Rac8 23. Ne2 Ra8 24. Nf4 Bg5 25. R5a3 {=} Rac8 26. Nxe6 Bxd2
27. Nc5+ Ke7 28. R1a2 Bc1 29. Rxa6 Rxa6 30. Rxa6 Bb2 31. e6 fxe6 32. Rxe6+ Kf7
33. Re5 g6 34. Rxd5 Re8 35. Nd3 Bxc3 36. g4 hxg4 37. Ne5+ Kg7 38. Rxb5 Bxd4 39.
Nxg4 Re6 40. Rd5 Rd6 41. Ra5 Rb6 42. Ra7+ Kg8 43. Ra8+ Kf7 44. Ra7+ Ke6 45. Ra4
Kd5 46. Kg2 Ke4 47. h3 Kf4 48. Ne3 Bxe3 49. fxe3+ Nxe3+ 50. Kf2 Nd1+ 51. Kg2
Nb2 52. Ra3 Rxb4 53. Rg3 Kf5 54. Ra3 Ra4 55. Rf3+ Rf4 56. Rb3 Nc4 57. Kg3 Nd6
58. Kg2 Kg5 59. Rg3+ Kh5 60. Ra3 Ne4 61. Ra8 Rf2+ 62. Kg1 Rc2 63. Ra4 Ng5 64.
Ra3 Kh4 65. Kh1 Rf2 66. Ra5 Nf3 67. Ra2 Kg3 0-1

[Event "4NCL/Div3/GUI3 vs. WES2"]
[Site "Telford ENG"]
[Date "2005.01.16"]
[Round "4.3"]
[White "Jones, Christopher"]
[Black "Gregory, Keith D"]
[Result "0-1"]
[WhiteElo "2119"]
[BlackElo "2099"]
[PlyCount "66"]
[EventDate "2005.01.16"]
[EventType "team"]
[EventRounds "11"]
[EventCountry "ENG"]
[SourceDate "2004.09.21"]

1. e4 d6 2. Nf3 g6 3. Be2 Bg7 4. O-O Nf6 5. Nc3 O-O 6. d4 c6 7. h3 b5 8. a3 Bb7
9. Be3 a6 10. Qd2 Qc7 11. Bh6 Nbd7 12. Bxg7 Kxg7 13. Qg5 h6 14. Qg3 e5 15. dxe5
dxe5 16. Nd2 Nc5 17. Qe3 Ne6 18. g3 Nd4 19. Bd1 c5 20. Ne2 Rae8 21. c3 Ne6 22.
Bc2 Ng5 23. Kh2 Bc8 24. f3 Bxh3 25. Rh1 Bc8 26. Kg2 Rh8 27. Rh4 Bb7 28. Rah1
Rh7 29. Kf1 Qe7 30. Ke1 Reh8 31. Ng1 Ne6 32. R4h2 h5 33. Nh3 Ng4 0-1

[Event "4NCL/Div3/GUI3 vs. WES2"]
[Site "Telford ENG"]
[Date "2005.01.16"]
[Round "4.4"]
[White "Pleasants, Allan J"]
[Black "Punnett, Alan K"]
[Result "1/2-1/2"]
[WhiteElo "2065"]
[BlackElo "2120"]
[PlyCount "44"]
[EventDate "2005.01.16"]
[EventType "team"]
[EventRounds "11"]
[EventCountry "ENG"]
[SourceDate "2004.09.21"]

1. c4 e6 2. Nc3 d5 3. d4 Nf6 4. Nf3 Be7 5. e3 O-O 6. Bd3 dxc4 7. Bxc4 c5 8. O-O
a6 9. Qe2 b5 10. Bd3 Bb7 11. Rd1 Qb6 12. b3 cxd4 13. exd4 Nc6 14. Be3 Qa5 15.
Bd2 Qd8 16. Bg5 Nb4 17. Ne5 Rc8 18. Rac1 Nxd3 19. Qxd3 Nd5 20. Bxe7 Qxe7 21.
Nxd5 Bxd5 22. Qd2 Qb7 1/2-1/2

[Event "4NCL/Div3/GUI3 vs. WES2"]
[Site "Telford ENG"]
[Date "2005.01.16"]
[Round "4.5"]
[White "Singleton, Michael"]
[Black "Ferrington, Nigel M"]
[Result "1-0"]
[WhiteElo "2126"]
[BlackElo "2125"]
[PlyCount "69"]
[EventDate "2005.01.16"]
[EventType "team"]
[EventRounds "11"]
[EventCountry "ENG"]
[SourceDate "2004.09.21"]

1. d4 Nf6 2. c4 g6 3. Nc3 Bg7 4. e4 d6 5. Be2 O-O 6. Bg5 c5 7. d5 a6 8. a4 Qa5
9. Bd2 Qc7 10. h3 e6 11. Nf3 exd5 12. exd5 Bf5 13. g4 Be4 14. O-O Bxf3 15. Bxf3
Nfd7 16. Bf4 Ne5 17. Be2 Qe7 18. Qd2 Nbd7 19. Rae1 h5 20. gxh5 gxh5 21. Kh2 Qf6
22. Ne4 Qg6 23. f3 Nf6 24. Rg1 Nxe4 25. fxe4 Qxe4 26. Bxh5 Qd4 27. Rxe5 dxe5
28. Qxd4 exd4 29. Bh6 Kh7 30. Bxg7 Rg8 31. Bf6 Rxg1 32. Kxg1 Kh6 33. Bf3 Kg6
34. Be7 Re8 35. d6 1-0

[Event "4NCL/Div3/GUI3 vs. WES2"]
[Site "Telford ENG"]
[Date "2005.01.16"]
[Round "4.6"]
[White "Pym, Thomas W"]
[Black "Hill, David F"]
[Result "1/2-1/2"]
[WhiteElo "2050"]
[BlackElo "2071"]
[PlyCount "85"]
[EventDate "2005.01.16"]
[EventType "team"]
[EventRounds "11"]
[EventCountry "ENG"]
[SourceDate "2004.09.21"]

1. e4 e6 2. d3 d5 3. Nd2 c5 4. g3 Bd6 5. Bg2 Ne7 6. Ngf3 Nbc6 7. O-O O-O 8. Re1
Qc7 9. Qe2 f6 10. a4 Nb4 11. Nb1 Nbc6 12. Na3 a6 13. c3 Na5 14. Qd1 Bd7 15. Nd2
Rae8 16. Nc2 Nac6 17. exd5 exd5 18. Ne3 d4 19. Nec4 Be5 20. Ne4 b5 21. axb5
axb5 22. Nxe5 Nxe5 23. f4 Ng4 {=} 24. cxd4 cxd4 25. Qb3+ Kh8 26. h3 Ne3 27.
Bxe3 dxe3 28. Rac1 Qa7 29. Nd6 Nf5 30. Nxe8 e2+ 31. Kh2 Qf2 32. d4 Ne3 33. Rg1
Rxe8 34. Qf7 Nxg2 35. Rxg2 e1=Q 36. Rxe1 Qxe1 37. Qxd7 h6 38. Qxb5 Re3 39. d5
Qd1 40. b4 Re1 41. Ra2 Rh1+ 42. Kg2 Rg1+ 43. Kh2 1/2-1/2

[Event "4NCL/Div3/GUI3 vs. WES2"]
[Site "Telford ENG"]
[Date "2005.01.16"]
[Round "4.7"]
[White "Yurenok, Maria S"]
[Black "Taylor, Phil"]
[Result "1/2-1/2"]
[WhiteElo "2078"]
[BlackElo "2058"]
[PlyCount "33"]
[EventDate "2005.01.16"]
[EventType "team"]
[EventRounds "11"]
[EventCountry "ENG"]
[SourceDate "2004.09.21"]

1. d4 d5 2. Nf3 Nf6 3. Bg5 Ne4 4. Bf4 c5 5. c3 Nc6 6. e3 Bg4 7. Be2 Qb6 8. Qb3
Qxb3 9. axb3 cxd4 10. exd4 e6 11. Nbd2 Nxd2 12. Kxd2 f6 13. Bb5 Kd7 14. Ra2 Bd6
15. Bxd6 Kxd6 16. Rha1 a6 17. Bxc6 1/2-1/2

[Event "4NCL/Div3/GUI3 vs. WES2"]
[Site "Telford ENG"]
[Date "2005.01.16"]
[Round "4.8"]
[White "Khoo, Selina"]
[Black "Morris, Claire H"]
[Result "1-0"]
[WhiteElo "2073"]
[BlackElo "1910"]
[PlyCount "73"]
[EventDate "2005.01.16"]
[EventType "team"]
[EventRounds "11"]
[EventCountry "ENG"]
[SourceDate "2004.09.21"]

1. e4 e5 2. Bc4 Nf6 3. d3 d5 4. exd5 Nxd5 5. Nf3 Nc6 6. O-O Be6 7. Re1 Bd6 8.
d4 exd4 9. Bxd5 Bxh2+ 10. Kxh2 Qxd5 11. Bf4 O-O-O 12. Nbd2 h5 13. Ne5 g5 14.
Nxc6 bxc6 15. Re5 Qd7 16. Rxg5 Bg4 17. Qf1 f5 18. f3 Qh7 19. Kg1 Kb7 20. fxg4
hxg4 21. Kf2 Rde8 22. Qd3 Rhf8 23. Rxg4 Rf7 24. Rg3 Rfe7 25. Nf3 Re2+ 26. Qxe2
Rxe2+ 27. Kxe2 Qe7+ 28. Ne5 Qh4 29. Rf1 Qh5+ 30. Kd2 Qh4 31. Rb3+ Kc8 32. Nxc6
Kd7 33. Nxd4 Qh7 34. Rc3 c6 35. Rxc6 Qg8 36. Rc7+ Kd8 37. Nc6+ 1-0

[Event "4NCL/Div3/3CS2 vs. SWD2"]
[Site "Telford ENG"]
[Date "2005.01.16"]
[Round "4.1"]
[White "Bentley, John L"]
[Black "Spice, Alan"]
[Result "1/2-1/2"]
[WhiteElo "2216"]
[BlackElo "2182"]
[PlyCount "103"]
[EventDate "2005.01.16"]
[EventType "team"]
[EventRounds "11"]
[EventCountry "ENG"]
[SourceDate "2004.09.21"]

1. e4 e6 2. d4 d5 3. exd5 exd5 4. c4 Nf6 5. Nc3 c6 6. Bd3 dxc4 7. Bxc4 Nbd7 8.
Nf3 Nb6 9. Bb3 Be7 10. O-O O-O 11. Ne5 Nbd5 12. Re1 Be6 13. Na4 Nc7 14. Bc2 Bd5
15. Qd3 Ne6 16. Nc3 g6 17. Nxd5 cxd5 18. Bh6 Ng7 19. Rac1 Nd7 20. Bb3 Nb6 21.
Qf3 Bb4 22. Re2 Rc8 23. Rxc8 Qxc8 24. Nd3 Bd6 25. Qf6 Nf5 26. Rc2 Qd8 27. Qxd8
Rxd8 28. Be3 Re8 29. g3 Nxe3 30. fxe3 Nc4 31. Bxc4 dxc4 32. Rxc4 Rxe3 33. Rc8+
Kg7 34. Nc5 Re1+ 35. Kf2 Rh1 36. Nxb7 Rxh2+ 37. Kf3 Bf8 38. Rc7 Rxb2 39. Nd8
Rxa2 40. d5 Ra3+ 41. Kf2 Bd6 42. Rxf7+ Kg8 43. g4 Ra5 44. Rd7 Rxd5 45. Kf3 Rd3+
46. Ke4 Rd2 47. Ne6 Re2+ 48. Kd5 Bf8 49. Rxa7 Rf2 50. Ra8 h5 51. gxh5 gxh5 52.
Rxf8+ 1/2-1/2

[Event "4NCL/Div3/3CS2 vs. SWD2"]
[Site "Telford ENG"]
[Date "2005.01.16"]
[Round "4.2"]
[White "Trevelyan, John"]
[Black "English, Ray"]
[Result "1-0"]
[WhiteElo "2178"]
[BlackElo "2070"]
[PlyCount "73"]
[EventDate "2005.01.16"]
[EventType "team"]
[EventRounds "11"]
[EventCountry "ENG"]
[SourceDate "2004.09.21"]

1. d4 Nf6 2. c4 g6 3. Nc3 Bg7 4. e4 d6 5. Be2 O-O 6. Nf3 a6 7. O-O Bg4 8. h3
Bxf3 9. Bxf3 Nfd7 10. Be3 c5 11. d5 b5 12. Be2 bxc4 13. Bxc4 Nb6 14. Be2 N8d7
15. f4 Qc7 16. Qd2 Rfb8 17. Rac1 Nc8 {=} 18. Bf3 Ra7 19. g4 Rab7 20. b3 Rb4 21.
g5 Na7 22. h4 Nb5 23. Nxb5 R4xb5 24. Be2 Rb4 25. Rc4 a5 26. Rfc1 Qd8 27. h5 Ra8
{=} 28. h6 Bh8 29. Bg4 Rab8 30. Qd3 a4 31. Rxb4 Rxb4 32. Rc4 Rxc4 33. bxc4 Nf8
34. Bd2 Qb6 35. Qc2 Qa6 36. Bd1 Bd4+ 37. Kg2 {time} 1-0

[Event "4NCL/Div3/3CS2 vs. SWD2"]
[Site "Telford ENG"]
[Date "2005.01.16"]
[Round "4.3"]
[White "Adams, Phil"]
[Black "Powell, Lloyd"]
[Result "1/2-1/2"]
[WhiteElo "2120"]
[BlackElo "2155"]
[PlyCount "53"]
[EventDate "2005.01.16"]
[EventType "team"]
[EventRounds "11"]
[EventCountry "ENG"]
[SourceDate "2004.09.21"]

1. e4 c5 2. Nc3 Nc6 3. Nf3 e6 4. d4 cxd4 5. Nxd4 d6 6. Be3 Nf6 7. Bc4 Be7 8.
Bb3 Bd7 9. f4 Nxd4 10. Bxd4 Bc6 11. Qe2 O-O 12. O-O Qc7 13. f5 e5 14. Bf2 b5
15. Bh4 Rac8 16. Bxf6 Bxf6 17. a3 a5 18. Rf2 b4 {=} 19. axb4 axb4 20. Nd5 Bxd5
21. Bxd5 Qc5 22. Rd1 Rc7 23. g3 Rfc8 24. Kg2 Kf8 25. h4 h6 26. Rd3 Qxc2 27. Rd2
1/2-1/2

[Event "4NCL/Div3/3CS2 vs. SWD2"]
[Site "Telford ENG"]
[Date "2005.01.16"]
[Round "4.4"]
[White "May, Frank"]
[Black "Tompson, John C"]
[Result "1/2-1/2"]
[WhiteElo "2144"]
[BlackElo "2081"]
[PlyCount "45"]
[EventDate "2005.01.16"]
[EventType "team"]
[EventRounds "11"]
[EventCountry "ENG"]
[SourceDate "2004.09.21"]

1. d4 g6 2. c4 Nf6 3. Nf3 Bg7 4. Nc3 O-O 5. Bg5 d6 6. e3 c5 7. d5 b5 8. cxb5
Qa5 9. Nd2 Nbd7 10. Nc4 Qc7 11. Be2 Nb6 12. O-O Nxc4 13. Bxc4 a6 14. Qe2 axb5
15. Nxb5 Qb7 16. e4 Ng4 17. f4 Ra4 18. b3 Ra5 19. h3 Bd7 20. hxg4 Bxa1 21. Rxa1
Bxb5 22. e5 Bxc4 23. bxc4 1/2-1/2

[Event "4NCL/Div3/3CS2 vs. SWD2"]
[Site "Telford ENG"]
[Date "2005.01.16"]
[Round "4.5"]
[White "Wright, Jason"]
[Black "Brown, Alan M"]
[Result "1-0"]
[WhiteElo "2062"]
[BlackElo "2136"]
[PlyCount "67"]
[EventDate "2005.01.16"]
[EventType "team"]
[EventRounds "11"]
[EventCountry "ENG"]
[SourceDate "2004.09.21"]

1. e4 e6 2. Nf3 d5 3. Nc3 Nf6 4. e5 Nfd7 5. d4 c5 6. dxc5 Bxc5 7. Bd3 Nc6 8.
Bf4 a6 9. O-O b5 10. Qe2 Bb7 11. a3 Nb6 12. Be3 Be7 13. Rad1 Nd7 14. Bf4 Nc5
15. b4 Nxd3 16. Rxd3 Qc7 17. Na2 Rc8 18. Nc1 a5 19. Rb3 Ba6 20. Nd3 g5 21. Bxg5
Bxg5 22. Nxg5 Nd4 23. Qh5 Nxb3 24. cxb3 Qe7 25. Nc5 Rc6 26. f4 h6 27. Nf3 Rxc5
28. bxc5 Qxc5+ 29. Kh1 Qxa3 30. Nd4 Qe7 31. Ra1 Rh7 32. f5 Kd7 33. Qg4 h5 34.
Qg8 1-0

[Event "4NCL/Div3/3CS2 vs. SWD2"]
[Site "Telford ENG"]
[Date "2005.01.16"]
[Round "4.6"]
[White "Sully, David"]
[Black "Hickman, Alexander"]
[Result "1-0"]
[WhiteElo "2130"]
[BlackElo "2099"]
[PlyCount "65"]
[EventDate "2005.01.16"]
[EventType "team"]
[EventRounds "11"]
[EventCountry "ENG"]
[SourceDate "2004.09.21"]

1. d4 Nf6 2. Nc3 d5 3. Bg5 Bf5 4. Bxf6 exf6 5. e3 c6 6. Bd3 Bxd3 7. Qxd3 Bb4 8.
Nge2 O-O 9. O-O Re8 10. e4 dxe4 11. Nxe4 Bf8 12. c4 f5 13. N4c3 g6 14. Rad1 Bg7
15. d5 Qd6 16. dxc6 Qxc6 17. Nd4 Qc5 18. Nb3 Qc8 19. Nb5 Qc6 20. Na5 Qb6 21.
Nd6 Rd8 22. Naxb7 Rd7 23. c5 Qc6 24. b4 Rxb7 25. b5 Rxb5 26. Qxb5 Qxb5 27. Nxb5
Nc6 28. Rd7 a6 29. Nd6 Ne5 30. Rb7 Bf8 31. Rd1 Rd8 32. Ra7 f4 33. Rxa6 1-0

[Event "4NCL/Div3/3CS2 vs. SWD2"]
[Site "Telford ENG"]
[Date "2005.01.16"]
[Round "4.7"]
[White "Lysons, John"]
[Black "Adams, Mark A"]
[Result "1-0"]
[WhiteElo "1960"]
[BlackElo "2001"]
[PlyCount "51"]
[EventDate "2005.01.16"]
[EventType "team"]
[EventRounds "11"]
[EventCountry "ENG"]
[SourceDate "2004.09.21"]

1. d4 d5 2. c4 e6 3. Nf3 Nf6 4. g3 dxc4 5. Bg2 c6 6. Ne5 Be7 7. Nxc4 O-O 8. O-O
Nbd7 9. Nc3 Nb6 10. Ne5 Nfd5 11. e4 Nxc3 12. bxc3 f6 13. Ng4 Kh8 14. Ne3 Qc7
15. Qc2 Re8 16. c4 c5 17. d5 exd5 18. exd5 Bd7 19. Bb2 Nc8 20. Be4 g6 21. h4
Nd6 22. Bd3 Nf7 23. h5 gxh5 24. Bxh7 Bh3 25. Qg6 Bxf1 26. Nf5 1-0

[Event "4NCL/Div3/3CS2 vs. SWD2"]
[Site "Telford ENG"]
[Date "2005.01.16"]
[Round "4.8"]
[White "Wilson, Julie"]
[Black "Glover, Richard"]
[Result "1-0"]
[WhiteElo "1944"]
[BlackElo "1940"]
[PlyCount "73"]
[EventDate "2005.01.16"]
[EventType "team"]
[EventRounds "11"]
[EventCountry "ENG"]
[SourceDate "2004.09.21"]

1. d4 Nf6 2. c4 e6 3. Nf3 b6 4. Bf4 Bb7 5. e3 Bb4+ 6. Nbd2 Ne4 7. a3 Be7 8.
Nxe4 Bxe4 9. Be2 d6 10. O-O Nd7 11. Nd2 Bb7 12. e4 e5 13. dxe5 dxe5 14. Bg3 O-O
15. Qc2 Bd6 16. Rad1 Nc5 17. b4 Ne6 18. Nf3 f6 19. Rfe1 a5 20. c5 bxc5 21. Bc4
Qe7 22. bxc5 Bxc5 23. Bxe6+ Kh8 24. Bf5 Bd6 25. a4 g6 26. Bh3 g5 27. Bf5 h5 28.
h4 Rg8 29. Qc1 Bc8 30. hxg5 fxg5 31. Qc3 Re8 32. Bg6 Rg8 33. Nxe5 Qf6 34. Bxh5
Kg7 35. Re3 Rh8 36. Rf3 Qd8 37. Nc6+ 1-0

[Event "4NCL/Div3/PPA2 vs. ATH"]
[Site "Telford ENG"]
[Date "2005.01.16"]
[Round "4.1"]
[White "Chavan, Anant"]
[Black "Roberts, Paul"]
[Result "0-1"]
[WhiteElo "2131"]
[BlackElo "2179"]
[PlyCount "80"]
[EventDate "2005.01.16"]
[EventType "team"]
[EventRounds "11"]
[EventCountry "ENG"]
[SourceDate "2004.09.21"]

1. e4 g6 2. Bc4 Bg7 3. Nc3 d6 4. f4 e6 5. d4 a6 6. Nf3 Ne7 7. a4 d5 8. Bb3 dxe4
9. Nxe4 Nbc6 10. c3 b6 11. O-O O-O 12. Bd2 Bb7 13. Qe2 Na5 14. Ba2 Bd5 15. c4
Bc6 16. Qd3 Nb7 17. Bc3 Nc5 18. Nxc5 bxc5 19. Ne5 cxd4 20. Bb4 Bb7 21. c5 Nc6
22. Nxc6 Bxc6 23. Bc4 a5 24. Be1 Qb8 25. b3 Qb7 26. Ra2 Be4 27. Qe2 Rfd8 28.
Rd2 Bf8 29. Bh4 Bxc5 30. Kh1 Rd7 31. Re1 Bb4 32. Bf6 Bxg2+ 33. Kg1 Bf3 34. Qe5
Bd6 35. Qg5 Bd5 36. Bxd4 Be7 37. Qh6 f6 38. Rxe6 Bxc4 39. bxc4 Rxd4 40. Rxe7
Qb1+ 0-1

[Event "4NCL/Div3/PPA2 vs. ATH"]
[Site "Telford ENG"]
[Date "2005.01.16"]
[Round "4.2"]
[White "Pedersen, Carsten"]
[Black "Goodger, Martyn"]
[Result "1/2-1/2"]
[WhiteElo "2146"]
[BlackElo "2161"]
[PlyCount "39"]
[EventDate "2005.01.16"]
[EventType "team"]
[EventRounds "11"]
[EventCountry "ENG"]
[SourceDate "2004.09.21"]

1. e4 e5 2. Nc3 Nf6 3. f4 d5 4. fxe5 Nxe4 5. Nf3 Bc5 6. d4 Bb4 7. Bd2 Bg4 8.
Nxe4 dxe4 9. Bxb4 exf3 10. gxf3 Qh4+ 11. Ke2 Nc6 12. Bc3 Bh5 13. Ke3 Ne7 14.
Bd3 Nd5+ 15. Ke2 Qf4 16. Kf2 g5 17. Be4 Qe3+ 18. Kg3 Qf4+ 19. Kf2 Qe3+ 20. Kg3
1/2-1/2